000
00284nam a22001337a 4500
008
170522b xxu||||| |||| 00| 0 eng d
020
_a
0140055940
041
_a
eng
080
_a
94
100
_a
16
101
_a
SHH
245
_a
WITNESS TO OUR TIME
_c
LUCE, H.R
942
_2
udc
_c
BK
999
_c
13658
_d
13658